| 000 | 00940cam a22002655a 4500 | ||
|---|---|---|---|
| 001 | 16884589 | ||
| 005 | 20201128023654.0 | ||
| 008 | 110722s2012 enka frbd 001 0 eng d | ||
| 020 | _a9780273752356 (pbk.) | ||
| 040 |
_aDLC _cDLC _dDLC _dEG-ScBUE _beng |
||
| 082 | 0 | 4 |
_222 _a657.3 _bPET |
| 100 | 1 |
_aPetersen, Christian V. _939514 |
|
| 245 | 1 | 0 |
_aFinancial statement analysis : _bvaluation, credit analysis, executive compensation / _cChristian V. Petersen and Thomas Plenborg. |
| 260 |
_aHarlow ; _aNew York : _bFinancial Times / Prentice Hall, _c2012. |
||
| 300 |
_axviii, 478 p. : _bill. ; _c25 cm. |
||
| 500 | _aGlossary : p. 458-465. | ||
| 500 | _aIndex : p. 467-478. | ||
| 504 | _aIncludes bibliographical references. | ||
| 650 | 7 |
_aFinancial statements. _2BUEsh _94982 |
|
| 650 | 7 |
_aCorporations _xFinance. _2BUEsh _92321 |
|
| 653 |
_bBUSADM _cMarch2016 |
||
| 655 |
_vText book _933728 |
||
| 700 | 1 | _aPlenborg, Thomas. | |
| 942 | _2ddc | ||
| 999 |
_c21357 _d21329 |
||